000 01476nam a22002535i 4500
001 166474
003 ES-MaACL
005 20250930063147.0
008 981002s1854 sp |||| | spa d
100 1 _aTorrente, Mariano,
_d1792-1856
_9133323
245 1 0 _aPolítica ultramarina, que abraza todos los puntos referentes a las relaciones de España con los Estados Unidos, con la Inglaterra y las Antillas, y señaladamente con la isla de Santo Domingo /
_cpor Don Mariano Torrente.
260 _aMadrid :
_b[s.n.],
_c1854 (
_fImp. de la Compañía general de Impresores y Libreros del Reino, a cargo de D. A. Avrial)
300 _aVIII, 444 p., [1] h. pleg. ;
_c22 cm.
505 8 _aContiene: Primera parte: Política general de los Estados Unidos con la España ; Segunda parte: Cuestiones económico-políticas . Tercera parte: Sección I. Descripción geográfica, histórica y política de la República Dominicana ; Sección II. Descripción histórica, estadística y política del Imperio de Haity
530 _aDisponible en formato digital.
596 _aMarca tip. en port.
650 4 _aEsclavitud-
_zCuba.
_9138905
651 4 _aEspaña-
_xRelaciones-
_zEstados Unidos
_98462
651 4 _aEstados Unidos-
_xRelaciones-
_zEspaña.
_9169150
651 4 _aLa Española-
_xDescripción.
_9171609
852 _aES-MaACL
_jG-3812
856 4 _uhttp://bdh-rd.bne.es/viewer.vm?id=0000077555&page=1
_zBiblioteca Digital Hispánica
999 _c166474
_d166474